000 00304nam a22001217a 4500
008 160429b xxu||||| |||| 00| 0 eng d
020 _a9780323014939
020 _a0323014933
041 _aeng
080 _a618.2
245 _aClinical nursing skills techniques:
_cPatricia A. Castaldi;
942 _2udc
_cBK
999 _c1684
_d1684